| 000 | 00541 a2200133 4500 | ||
|---|---|---|---|
| 082 | _aMS-CSE | ||
| 100 |
_aSobia Jangsher _9102131 |
||
| 245 |
_aAdaptive video transmission over MIMO channels _cSobia Jangsher |
||
| 260 |
_aIslamabad : _bNUST School of Electrical Engineering & Computer Science, _c2011. |
||
| 300 |
_aviii, 47 p. : _bill. ; _c27 cm. + _eCD ROM. |
||
| 500 | _aDr. Syed Ali Khayam, Dr. Rehan Hafeez, Mr. M. Ramzan, Dr. Murtaza Khan. | ||
| 856 | _uhttp://10.250.8.41:8080/xmlui/handle/123456789/7998 | ||
| 942 |
_cPR _kMS-CSE-1 SOB _2ddc |
||
| 999 |
_c10478 _d10478 |
||